Identität, Mythisierung, Poetik Beiträge zur österreichischen Literatur im 20. Jahrhundert

Bibliographic Details
Main Author: Kaszyński, Stefan H., 1941- (Author)
Format: Book
Language:German
PhysicalDescription:198 s. 21 cm
Published: Poznań Uniwersytet im. Adama Mickiewicza 1991
ISBN:8323203318
ISSN:0554-8152
Edition:Wyd. 1.
Series:Filologia Germańska / Uniwersytet im. Adama Mickiewicza w Poznaniu nr. 33
Subjects:

MARC

LEADER 00000nam a2200000 a 4500
001 vtls008297839
003 SK-MaSNL
005 20260301164437.0
008 251124t1991 pl g 001 0 ger
020 |a 8323203318  |q (brož.) 
040 |a SNK  |b slo  |c SNK  |e AACR2 
041 0 |a ger  |b eng 
044 |a pl  |c PL 
072 7 |a 821.112.2  |x Nemecká literatúra, nemecky písaná  |2 konspekt 
072 7 |a 821.112.2.09  |x Nemecká literatúra, nemecky písaná (o nej)  |2 konspekt 
080 |a 82:316.3  |2 2001 
080 |a 821.112.2(436)  |2 2001 
080 |a (048.8)  |2 2001 
100 1 |a Kaszyński, Stefan H.,  |d 1941-  |4 aut  |9 531851 
245 1 0 |a Identität, Mythisierung, Poetik  |b Beiträge zur österreichischen Literatur im 20. Jahrhundert  |c Stefan H. Kaszyński 
250 |a Wyd. 1. 
260 |a Poznań  |b Uniwersytet im. Adama Mickiewicza  |c 1991 
300 |a 198 s.  |c 21 cm 
490 1 |a Filologia Germańska / Uniwersytet im. Adama Mickiewicza w Poznaniu  |x 0554-8152  |v nr. 33 
500 |a Tir. poľ. 
546 |a Res. angl. 
648 7 |a 20. stor.  |2 SNKPH  |9 275975 
650 0 7 |a rakúska literatúra  |2 SNKPH  |9 1416 
650 0 7 |a literatúra a spoločnosť  |2 SNKPH  |9 64420 
655 7 |a štúdie  |2 SNKPH  |9 57033 
810 2 |a Uniwersytet im. Adama Mickiewicza w Poznaniu.  |t Filologia Germańska  |9 531852 
919 |a 83-232-0331-8 
999 |c 820638  |d 822568 
952 |a SNK  |b SNK  |y VYP  |7 0  |p 17A0489109  |o snkIC 132655  |i snk2005/18887  |8 2  |g 14.74  |0 0  |1 0  |4 0  |d 2005-11-09  |l 0  |r 2026-02-24 03:05:05  |w 2026-02-24